000 00521cam a22001934a 4500
005 20250605164157.0
008 250528s ||||||||||||||||||||||||d
035 _a19659
020 _a9608105315
040 _aGR-AtMCL
_bgre
_dGR-AtMCL
_eAACR2
245 1 _aΤΕΧΝΟΛΟΓΙΑ ΠΟΛΥΜΕΣΩΝ
250 _a1
260 _bΝέων Τεχνολογιών,
_c2001
300 _a301
700 1 _aΠαπαδημητριου Αλεξανδρος Γ
_95864
942 _cBK
999 _c4915
_d4915